Welcome to the Holygrace Academy Library

Please use search bar below to get started

ICKY SQUISHY SCIENCE (Record no. 6143)

MARC details
000 -LEADER
fixed length control field 00305nam a22001457a 4500
020 ## - INTERNATIONAL STANDARD BOOK NUMBER
ISBN 0-590-11529-4
082 ## - DEWEY DECIMAL CLASSIFICATION NUMBER
Classification number 001
Item number MAR/C
100 ## - MAIN ENTRY--AUTHOR NAME
Personal name MARKLE, SANDRA
245 ## - TITLE STATEMENT
Title ICKY SQUISHY SCIENCE
260 ## - PUBLICATION, DISTRIBUTION, ETC. (IMPRINT)
Place of publication UK
Name of publisher SCHOLASTIC INC
Year of publication 1996
300 ## - PHYSICAL DESCRIPTION
Number of Pages 70
520 ## - SUMMARY, ETC.
Summary, etc SCIENCE
650 ## - SUBJECT ADDED ENTRY--TOPICAL TERM
Topical Term SCIENCE
942 ## - ADDED ENTRY ELEMENTS (KOHA)
Koha item type Books
Holdings
Withdrawn status Lost status Collection code Home library Current library Shelving location Date acquired Source of acquisition Cost, normal purchase price Full call number Accession Number Koha item type
    Reference Main Library Main Library SHELF 15-K-CHILDREN'S STORYBOOKS 08/05/2006 Purchase 40.00 001 MAR/C 01605 Books